000 00598nam a22001937a 4500
003 OSt
005 20251024050651.0
008 251021b |||||||| |||| 00| 0 eng d
020 _a971-91060-6-9.
040 _aDWCL-Main lib
_cOC
082 _aFil. 230 F174 2006
100 _aBelmonte, Charles
245 _aFaith seeking understanding :
_ba complete course in theology vol. II
260 _aManila :
_bStudium Theologiae Foundation, Inc.,
_cc2006.
300 _ax, 532 pages ;
_c23 cm.
504 _aIncludes index.
650 _21. Theology.
942 _2ddc
_cBK - FIL
_eVol. II, 2nd ed.
_kFil.
_n0
999 _c4982
_d4982